00676nam a2200169Ia 4500008004000000020001800040082001500058100003900073245009600112260003300208300000800241650003600249690002500285906001100310999001900321952016600340210210b2000 xxu||||| |||| 00| 0 eng d a0 7619 9432 7 a658.3 LYNT aLYNTON (Rolf P) and PAREEK (Udai). aTraining for organizational transformation: PII - For trainers consultants and principles. aN DbSage Publicationsc2000 a414 aTrainers Consultants Principals aPersonnel Management a056206 c103894d103894 001040708ManagementaALbALcManagementd2021-02-17eHigginbothams (P) Ltd., Mangalore-01.g275.00l0o658.3 LYNTp056206r2021-02-17 00:00:00w2021-02-17yBK